000 01324nam a2200313 i 4500
003 EG-GICUC
005 20260122092821.0
008 251119s2014 ua ||||f |||| 00| 0 ara d
040 _a EG-GICUC
_bara
_c EG-GICUC
_d EG-GICUC
_erda
041 _aara
082 0 4 _221
_a345.31
_bس ب . ق
092 0 4 _221
099 _aLaw1 07 345.31 س ب . ق 1 ed - 2014
100 0 _aسبهان عبدالله يونس الطاني
_eمؤلف.
245 1 2 _aالقيود الواردة علي سلطات الضبط الإداري و الرقابة الفضائية عليها :
_bدراسة مقارنة /
_cدكتور سبهان عبدالله يونس الطاني
250 _aالطبعة الأولي
264 1 _aالعراق :
_bدار الكتب و الوثائق العراقية ,
_c2014.
300 _a509 ؛صفحة
_c24 سم
336 _2rda content
_atext
337 _2rda media
_aComputer
338 _2rda carrier
_aOnline Resource
504 _a. 497-465 ببليوجرافيا: صفحات.
546 _aالنص أغلبه باللغة العربية بعض النصوص الإنجليزية والفرنسية
650 1 _aالقانون الإداري
_2qrmak
651 1 _2qrmak
856 4 0 _uhttps://fll.law.cu.edu.eg/fulltext/bks/B07-01070.pdf
905 _a74
_eYara
942 _2ddc
_n0
_cBK
_e21
999 _c44787
_d44787